03421cam a22003737i 4500952018500000999001500185001000900200003000400209005001700213008004100230010001700271020002200288020001900310035002400329040004100353042001400394043001200408050002400420082002800444100002800472245009900500264005700599300002700656336002600683337002800709338002700737504006700764520202300831650002402854650004502878650002502923906004502948942005402993 00102ddc40708SOCIAL PROBLEMS AND SERVICESaMESbMEScSOCIAL PROBLEMS AND SERVICESd2019-02-20g755.00l0o364.13380954 SUR/Bp39028r2019-02-20 00:00:00w2019-02-20yBKzGL40R3 c8118d811818395971OSt20200110155519.0141204s2014 ii b 001 0 eng d a 2014497077 a9788177083880 hbk a8177083880 hbk a(OCoLC)ocn897031607 aUK-RwCLSbengcoclcerdadOCLCOdDLC alccopycat aa-ii---00aHV6344.I4bS87 201404a364.13380954223bSUR/B aSury, M Meauthor.994210aBlack money and tax evasion in India :bmagnitude, problems and policy measures /c M.M. Sury. 1aNew Delhi, India :bNew Century Publications,c2014. axv, 210 pages ;c23 cm atextbtxt2rdacontent aunmediatedbn2rdamedia avolumebnc2rdacarrier aIncludes bibliographical references (pages 199-202) and index. aIn recent years, the issue of corruption and black money has come in the forefront after a series of financial scandals. Generation of black money - and its stashing abroad in tax havens and offshore financial centres - has dominated discussions and debate in public fora during the recent past. Members of Parliament, the Supreme Court of India and the public at large have unequivocally expressed concern on the issue, particularly after some reports suggested enormous estimates of such unaccounted wealth being held abroad. After uproar in Parliament, Government of India came out with a White Paper on Black Money in May 2012. The White Paper presented the different facets of black money and its complex relationship with policy and administrative regime in the country. It also reflected upon the policy options and strategies that the Government had been pursuing in the context of recent initiatives, to address the issue of black money and corruption in public life. To meet the deadline set by the Honourable Supreme Court for the previous Government, the new Government of Prime Minister Narendra Modi constituted a Special Investigation Team (SIT), soon after assuming office on May 26, 2014. Headed by Justice M.B. Shah, a former judge of the Supreme Court, SIT was notified on May 27, 2014 to look into the issue of black money. The objective of this book is to explain various facets and dimensions of black money and tax evasion and their complex relationship with the policy and administrative regime in the country. It describes the factors which lead to the generation of black money, and records various estimates of black money and tax evasion. It also presents the measures/strategies that the Government of India has been pursuing to tackle this issue, especially recent initiatives and developments. The work, using simple and non-technical language, is descriptive in nature and designed for a cross section of readers for easy understanding of this rather complex branch of fiscal economics. 0aTax evasionzIndia. 0aTax evasionxLaw and legislationzIndia. 0aBlack marketzIndia. a7bcbcccopycatd2encipf20gy-gencatlg 2ddccBKh364.13380954iSUR/Bk364.13380954mSUR/B